El contrato social.
Guardat en:
| Autor principal: | |
|---|---|
| Altres autors: | , |
| Format: | Llibre |
| Idioma: | anglès |
| Publicat: |
Madrid, España:
Aguilar,
1969.
|
| Edició: | 1a. edición. |
| Col·lecció: | Iniciación Política.
|
| Matèries: | |
| Etiquetes: |
Afegir etiqueta
Sense etiquetes, Sigues el primer a etiquetar aquest registre!
|
MARC
| LEADER | 00000nam a22000007a 4500 | ||
|---|---|---|---|
| 003 | CL-VaPUC | ||
| 005 | 20220822114444.0 | ||
| 008 | 220328t1969 ||||| |||| 00| 0 eng d | ||
| 999 | |c 435167 |d 435165 | ||
| 040 | |c Pontificia Universidad Católica de Valparaíso | ||
| 082 | |a 320.11 ROU 1969 |2 22 | ||
| 100 | |a Rousseau, Jean Jacques |e autor |9 255697 | ||
| 245 | |a El contrato social. | ||
| 250 | |a 1a. edición. | ||
| 260 | |a Madrid, España: |b Aguilar, |c 1969. | ||
| 300 | |a XLIII, 151 páginas. | ||
| 490 | |a Iniciación Política. | ||
| 500 | |a c.1 Donación Familia Prof. Alejandro Guzmán Brito. | ||
| 583 | |c 20220328 |k Yessy Stephany Diaz Vidal | ||
| 650 | 0 | |a Ciencias Políticas |9 255201 |z Francia | |
| 650 | 0 | |a Estado |9 255503 |x Política y gobierno |x Teoría | |
| 650 | 0 | |a Contrato social |9 308917 |z Francia | |
| 700 | |a Berges, Consuelo |9 865584 |e traducción | ||
| 700 | |a Rodríguez Huescar, Antonio |9 863734 |e introducción | ||
| 942 | |2 ddc |c BK |n 0 | ||
| 952 | |0 0 |1 0 |2 ddc |4 0 |6 320_110000000000000_ROU_1969 |7 0 |8 C_AGB |9 582209 |a BIBDER |b BIBDER |d 2022-03-28 |e Donación |i 5650444 |o 320.11 ROU 1969 |p 5650444 |r 2023-01-25 |t 1 |w 2022-03-28 |y BK_US |k AGB | ||